|
|
|
|
| LEADER |
00989nam a2200277 a 4500 |
| 001 |
5868 |
| 003 |
BD-DhAAL |
| 005 |
20150302143553.0 |
| 008 |
150302s1992 nyua b 101 0 eng |
| 010 |
|
|
|a 91016837
|
| 020 |
|
|
|a 0195065042 (alk. paper)
|
| 040 |
|
|
|a DLC
|c DLC
|d DLC
|d BD-DhAAL
|
| 050 |
0 |
0 |
|a HD58.8
|b .T7 1992
|
| 082 |
0 |
0 |
|a 658.4/06
|2 20
|
| 245 |
0 |
0 |
|a Transforming organizations /
|c Thomas A. Kochan, Michael Useem, editors.
|
| 260 |
|
|
|a New York :
|b Oxford University Press,
|c 1992.
|
| 300 |
|
|
|a xi, 420 p. :
|b ill. ;
|c 25 cm.
|
| 500 |
|
|
|a Based on a conference held in June 1990.
|
| 504 |
|
|
|a Includes bibliographical references and index.
|
| 541 |
|
|
|e 5869
|
| 650 |
|
0 |
|a Organizational change
|x Congresses.
|9 7492
|
| 700 |
1 |
|
|a Kochan, Thomas A.
|9 8940
|
| 700 |
1 |
|
|a Useem, Michael.
|9 8941
|
| 942 |
|
|
|2 ddc
|c BK
|
| 999 |
|
|
|c 33847
|d 33847
|
| 952 |
|
|
|0 0
|1 0
|2 ddc
|4 0
|6 658_406000000000000_TRA
|7 0
|9 52837
|a SCL
|b SCL
|c GEN
|d 2015-03-02
|l 0
|o 658.406 TRA
|p 3020005869
|r 2015-03-02
|t 1
|w 2015-03-02
|y BK
|